| 000 | 00789nam a2200253 i 4500 | ||
|---|---|---|---|
| 001 | 105371 | ||
| 003 | ES-MaACL | ||
| 005 | 20240223093157.0 | ||
| 007 | t| | ||
| 008 | 060703s1967 fr ||||1| fre d | ||
| 080 | _a929 Lenin, Vladimir Ilych | ||
| 080 | _a947"1917/21" | ||
| 100 | 1 |
_aLewin, Moshe. _972031 |
|
| 245 | 1 | 3 |
_aLe dernier combat de Lénine / _cMoshé Lewin. |
| 260 |
_aParis : _bLes Editions de Minuit, _c[1967] |
||
| 300 |
_a169 p. ; _c22 cm. |
||
| 490 | 1 |
_aGrands documents ; _v29 |
|
| 500 | _aBiblioteca Juan Andrade. | ||
| 600 | 1 | 4 |
_aLenin, Vladimir Il'ich, _d1870-1924 _971523 |
| 651 | 4 |
_aRusia- _xHistoria- _y1917-1921, Revolución. _99336 |
|
| 830 | 0 |
_aGrands documents ; _v29 _9232708 |
|
| 852 |
_aES-MaACL _jAND-166 _bR.109466 |
||
| 999 |
_c105371 _d105371 |
||